[Event "Cadiz op"]
[Site "Cadiz"]
[Date "1991.??.??"]
[Round "?"]
[White "Franco Ocampo, Zenon"]
[Black "Rausis, Igors"]
[Result "1/2-1/2"]
[WhiteElo "2495"]
[BlackElo "2440"]

1.c4 e5 2.g3 Nf6 3.Bg2 Nc6 4.Nc3 Bb4 5.Nf3 O-O 6.O-O Re8 7.Nd5 Nxd5 8.cxd5 Nd4
9.Nxd4 exd4 10.e4 c6 11.a3 Bf8 12.d3 cxd5 13.exd5 b5 14.Qg4 Qf6 15.d6 Rb8
16.Bf4 Bxd6 17.Rfe1 Rf8 18.Bg5 Qg6 19.Qxd4 Qxg5 20.Qxd6 Rb6 21.Qc7 Qf6 22.Qxa7 Ra6
23.Qb8 Qxb2 24.Rab1 Qxa3 25.Rec1 Rc6 26.Bxc6 dxc6 27.Rxc6 Qxd3 28.Re1 Bh3
29.Rd6 Rxb8 30.Rxd3 g6 31.Rb3 Be6 32.Rb4 Bc4 33.f3 Rd8 34.Rb2 h5 35.Kf2 Kg7
36.Re3 Kf6 37.Ke1 Rb8 38.Kd2 Ra8 39.Kc3 Ra4 40.Kd4 Ra8 41.Kc5 Rd8 42.h4 Rd5+
43.Kb4 Rd1  1/2-1/2

[Event "JUG-chT Cetinje"]
[Site "Cetinje"]
[Date "1991.??.??"]
[Round "2"]
[White "Raicevic, Momcilo"]
[Black "Dzevlan, Miralem"]
[Result "1-0"]
[WhiteElo "2375"]
[BlackElo "2405"]

1.c4 e5 2.g3 Nf6 3.Bg2 d5 4.cxd5 Nxd5 5.Nc3 Nb6 6.Nf3 Nc6 7.O-O Be7 8.b3 Be6
9.Bb2 f5 10.d3 O-O 11.a4 Nd5 12.a5 Ndb4 13.Nd2 a6 14.Nc4 Rb8 15.Na2 Nxa2
16.Rxa2 Bf6 17.Bxc6 bxc6 18.Bxe5 Bxe5 19.Nxe5 Bxb3 20.Qa1 Qd6 21.Nc4 Bxc4
22.dxc4 Rbd8 23.e3 Qd3 24.Ra4 Rfe8 25.Qb1 Qd7 26.Rb4 Qf7 27.Rb7 Rd7 28.Rd1 h6
29.Rxd7 Qxd7 30.Rb8 Rxb8 31.Qxb8+ Kh7 32.Qb7 Qe6 33.Qxa6 f4 34.c5 fxe3 35.Qd3+ Kh8
36.fxe3 Qa2 37.a6 Kg8 38.h4 Kf7 39.Qd7+ Kg8 40.Qxc6 Qb1+ 41.Kh2 Qc2+ 42.Kh3 Qf5+
43.g4 Qf1+ 44.Kg3 Qg1+ 45.Kf4 Qf2+ 46.Qf3 Qh2+ 47.Kf5 Qc2+ 48.Ke5 Qb2+ 49.Ke6 Qa2+
50.Kd7 Qxa6 51.Qd5+ Kh8 52.Kxc7 Qa7+ 53.Kd6 Qb8+ 54.Ke7 Qc7+ 55.Ke8 Qc8+
56.Ke7 Qc7+ 57.Ke6 Qc8+ 58.Ke5 Qxg4 59.Qd8+ Kh7 60.c6 Qe2 61.Qd4 g5 62.Ke6 Qa6
63.Qd7+ Kh8 64.Kf6  1-0

[Event "JUG-chT Cetinje"]
[Site "Cetinje"]
[Date "1991.??.??"]
[Round "3"]
[White "Simic, Radoslav"]
[Black "Ilic, Zoran"]
[Result "1/2-1/2"]
[WhiteElo "2485"]
[BlackElo "2395"]

1.g3 e5 2.c4 Nc6 3.Bg2 g6 4.Nc3 Bg7 5.d3 d6 6.Rb1 f5 7.e3 Nf6 8.Nge2 O-O
9.O-O Be6 10.Nd5 Bf7 11.Nec3 Rb8 12.b3 Ne7 13.Nxf6+ Bxf6 14.Bb2 c6 15.d4 e4
16.Qd2 d5 17.cxd5 Nxd5 18.Rfc1 h5 19.Bf1 h4 20.Nxd5 Bxd5 21.Bc4 Rf7 22.Ba3  1/2-1/2

[Event "JUG-chT Cetinje"]
[Site "Cetinje"]
[Date "1991.??.??"]
[Round "6"]
[White "Raicevic, Momcilo"]
[Black "Strikovic, Aleksa"]
[Result "0-1"]
[WhiteElo "2375"]
[BlackElo "2495"]

1.c4 e5 2.g3 f5 3.Bg2 d6 4.Nf3 Nf6 5.d3 g6 6.c5 Nc6 7.cxd6 cxd6 8.b3 Bg7
9.Bb2 O-O 10.O-O h6 11.Nbd2 g5 12.b4 Be6 13.b5 Ne7 14.a4 Ng6 15.Nc4 g4 16.Nfd2 Rf7
17.a5 Rc8 18.Qa4 h5 19.b6 a6 20.Rac1 h4 21.Ne3 Rxc1 22.Rxc1 d5 23.Nb3 f4
24.Nc5 Bc8 25.Nxd5 Nxd5 26.Nxa6 f3 27.Qc4 Nge7 28.Nc7 Nxb6 29.axb6 fxg2 30.gxh4 Nc6
31.Qe4 Qxh4 32.Qxg2 Bd7 33.Nb5 Nd4 34.Bxd4 exd4 35.Nd6 Qh6  0-1

[Event "JUG-chT Cetinje"]
[Site "Cetinje"]
[Date "1991.??.??"]
[Round "6"]
[White "Pavlovic, Milos"]
[Black "Damljanovic, Branko"]
[Result "1/2-1/2"]
[WhiteElo "2480"]
[BlackElo "2560"]

1.c4 e5 2.g3 f5 3.Bg2 Nf6 4.Nc3 Bb4 5.Qc2 Bxc3 6.Qxc3 d6 7.Nf3 O-O 8.O-O Qe8
9.d4 e4 10.Nd2 Nc6 11.d5 Ne5 12.f4 exf3 13.exf3 f4 14.g4 g5 15.Re1 h5 16.h3 Bd7
17.b3 Qg6 18.Bb2 hxg4 19.fxg4 Rae8 20.Nf3 Nd3 21.Qc2 Kg7 22.Bxf6+ Kxf6 23.Qc3+ Ne5
24.Nxe5 Rxe5 25.Rxe5 dxe5 26.Re1 Re8 27.Qa5 Qd3 28.Qxc7 Bc8 29.h4 gxh4 30.g5+ Kxg5
31.Rxe5+ Rxe5 32.Qxe5+ Bf5 33.Qg7+ Kh5 34.Qe5 f3 35.Bf1 Qc2 36.Qf4 Be4 37.d6 Bc6
38.Qe5+ Kg4 39.Qg7+ Kf4 40.Qd4+ Qe4 41.Qf6+ Ke3 42.Qc3+ Kf4 43.Qf6+ Ke3 44.Qc3+ Kf4
45.Qf6+ Kg4 46.Qg7+ Kh5  1/2-1/2

[Event "Chiasso op"]
[Site "Chiasso"]
[Date "1991.??.??"]
[Round "7"]
[White "Zueger, Beat"]
[Black "Klauser, Markus"]
[Result "1/2-1/2"]
[WhiteElo "2425"]
[BlackElo "2370"]

1.c4 e5 2.g3 g6 3.d4 d6 4.Nc3 Nd7 5.Nf3 Bg7 6.Bg2 Ne7 7.O-O O-O 8.e3 Nf5
9.b3 Re8 10.Bb2 exd4 11.exd4 c6 12.Qd2 Nf6 13.Rfe1 Rxe1+ 14.Rxe1 Bd7 15.h3 h5
16.Ne4 Nxe4  1/2-1/2

[Event "Corfu op"]
[Site "Corfu"]
[Date "1991.??.??"]
[Round "8"]
[White "Foisor, Ovidiu"]
[Black "Alexakis, Dimitrios"]
[Result "1-0"]
[WhiteElo "2385"]
[BlackElo "2245"]

1.c4 e5 2.g3 Nf6 3.Bg2 Nc6 4.Nc3 Be7 5.Rb1 O-O 6.a3 a5 7.e3 d6 8.Nge2 Be6
9.Nd5 Qd7 10.d3 Bh3 11.Nxe7+ Nxe7 12.Bxb7 Rab8 13.Bf3 d5 14.cxd5 Nexd5 15.Bd2 a4
16.Nc3 Nb6 17.Ne4 Nxe4 18.dxe4 Rfd8 19.Bc3 Qc6 20.Qc2 Nc4 21.Rc1 Qf6 22.Be2 Nb6
23.f4 Qh6 24.Kf2 f6 25.Bb4 Rbc8 26.Rhd1 Rxd1 27.Qxd1 Be6 28.Kg1 Bb3 29.Qd3 Qg6
30.Rxc7 Re8 31.Qb5 exf4 32.Bh5  1-0

[Event "CZE-ch"]
[Site "CSR"]
[Date "1991.??.??"]
[Round "1"]
[White "Gregor, Jiri"]
[Black "Pribyl, Martin"]
[Result "1/2-1/2"]
[WhiteElo "2205"]
[BlackElo "2305"]

1.c4 e5 2.g3 Nf6 3.Bg2 Nc6 4.Nc3 d6 5.Nf3 g6 6.O-O Bg7 7.d4 O-O 8.h3 exd4
9.Nxd4 Nxd4 10.Qxd4 Nd7 11.Qd2 Re8 12.b3 Nc5 13.Bb2 Bf5 14.f3 a5 15.e4 Be6
16.Rad1 a4 17.b4 Nd7 18.Nd5 Ne5 19.Bxe5 Bxe5 20.f4 Bg7 21.a3 c6 22.Ne3 Qb6
23.Kh2 Rad8 24.f5 Bc8 25.Ng4 Qc7 26.Nh6+ Kh8 27.fxg6 Bxh6 28.Qxh6 fxg6 29.Rf6 Kg8
30.Rdf1 Be6 31.Qc1 Qe7 32.Qc2 Rf8 33.Rxf8+ Rxf8 34.Rxf8+ Qxf8 35.c5 dxc5
36.bxc5 Bb3 37.Qc3  1/2-1/2

[Event "Dortmund op"]
[Site "Dortmund"]
[Date "1991.??.??"]
[Round "3"]
[White "Becker, Marc"]
[Black "Dvoirys, Semen I"]
[Result "1/2-1/2"]
[WhiteElo "2260"]
[BlackElo "2560"]

1.c4 e5 2.g3 Nc6 3.Bg2 g6 4.Nc3 Bg7 5.Rb1 a5 6.a3 Nf6 7.b4 axb4 8.axb4 O-O
9.Nf3 Re8 10.O-O d6 11.b5 Nd4 12.d3 Bg4 13.Bg5 Qc8 14.e3 Nxf3+ 15.Bxf3 Qf5
16.Bxg4 Nxg4 17.Ne4 Qe6 18.h3 Nh6 19.Bxh6 Bxh6 20.Kh2 Bg7 21.Nc3 Ra3 22.Nd5 Qd7
23.Rb3 Rxb3 24.Qxb3 c6 25.bxc6 bxc6 26.Qa4 Qb7 27.Nb4 Rc8 28.e4 Bf8 29.Qa6 Qc7
30.Nc2 Rb8 31.Ra1 d5 32.cxd5 cxd5 33.Ne3 dxe4 34.dxe4 Qc3 35.Rf1 Qd4 36.Nd5 h5
37.Qe2 Rb2 38.Qf3 Rd2 39.Kg2 Bc5 40.h4 Rd3 41.Qe2 Rd2 42.Qf3 Kf8 43.Nf6 Qc4
44.Kg1 Rd3 45.Qg2 Kg7 46.Ne8+ Kh8 47.Nf6 Qe6 48.Nd5 Qg4 49.Kh2 Rd2 50.Nf6 Qe2
51.Kg1 Kg7 52.Ne8+ Kf8 53.Nf6 Ba7 54.g4 hxg4 55.Nxg4 Bd4 56.Rc1 Rd1+ 57.Rxd1 Qxd1+
58.Kh2 Ke7 59.Kg3  1/2-1/2

[Event "Dortmund op"]
[Site "Dortmund"]
[Date "1991.??.??"]
[Round "7"]
[White "Sher, Miron N"]
[Black "Maniocha, Andrzej"]
[Result "1-0"]
[WhiteElo "2450"]
[BlackElo "2250"]

1.c4 e5 2.g3 g6 3.d4 d6 4.Nf3 Nd7 5.Nc3 Bg7 6.Bg2 Ngf6 7.O-O O-O 8.b3 Re8
9.e4 exd4 10.Nxd4 Nc5 11.Re1 Ng4 12.f3 Ne5 13.Re3 Nc6 14.Nxc6 bxc6 15.Rb1 f5
16.b4 Ne6 17.exf5 gxf5 18.f4 Bb7 19.Ne2 d5 20.cxd5 cxd5 21.Bb2 Qd6 22.Bxg7 Nxg7
23.Rxe8+ Rxe8 24.Nd4 c6 25.Qc2 Qf6 26.Rd1 a6 27.Kf2 Qe7 28.Qc3 a5 29.a3 axb4
30.axb4 Qd6 31.Nf3 Re4 32.Nd4 Re8 33.Re1 Rxe1 34.Kxe1 Kf7 35.Kd2 Ke7 36.Nxc6+ Bxc6
37.Qxg7+ Kd8 38.Qh8+ Be8 39.Qd4 Bc6 40.Qb6+ Ke8 41.Bh3 Qf6 42.Bxf5 Qb2+ 43.Bc2 Kd7
44.Qa7+ Kc8 45.Qc5 Kb7 46.b5 Bxb5 47.Qxd5+ Ka6 48.Qe5 Qa2 49.Qd6+ Kb7 50.Qe7+ Kc6
51.Qf6+ Kd7 52.Qf5+ Kc6 53.Ke3 Qa7+ 54.Kf3 Qa3+ 55.Kg4 Qe7 56.Qe4+  1-0

[Event "FRA-chT"]
[Site "FRA"]
[Date "1991.??.??"]
[Round "?"]
[White "Jadoul, Michel"]
[Black "Chomet, Pascal"]
[Result "1-0"]
[WhiteElo "2405"]
[BlackElo "2255"]

1.c4 e5 2.g3 Nc6 3.Bg2 g6 4.Nc3 Bg7 5.e4 d6 6.Nge2 Nge7 7.d3 O-O 8.O-O Kh8
9.h3 Be6 10.Kh2 Qd7 11.Nd5 f5 12.Qa4 a6 13.Bd2 b5 14.cxb5 axb5 15.Qc2 f4
16.gxf4 exf4 17.Ndxf4 Bxa2 18.Bc3 Bf7 19.Bxg7+ Kxg7 20.d4 Rxa1 21.Rxa1 Bc4
22.d5 Bxe2 23.Ne6+ Qxe6 24.dxe6 Bc4 25.e5 d5 26.Rd1 Na5 27.Qd2 Nac6 28.f4 Nd8
29.b3 Bxb3 30.Qb4 Bxd1 31.Qxe7+ Kg8 32.Bxd5 c6 33.Ba2  1-0

[Event "FRA-chT"]
[Site "FRA"]
[Date "1991.??.??"]
[Round "?"]
[White "Murrey, Jacob"]
[Black "Relange, Eloi"]
[Result "1/2-1/2"]
[WhiteElo "2440"]
[BlackElo "2260"]

1.c4 e5 2.g3 Nc6 3.Nf3 g6 4.d4 exd4 5.Nxd4 Bg7 6.Nxc6 bxc6 7.Bg2 Ne7 8.Nc3 O-O
9.O-O d6 10.Qa4 Be6 11.Rd1 Rb8 12.Ne4 h6 13.Nc5 Qc8 14.Nxe6 Qxe6 15.Bf3 Nf5
16.Qxa7 Qxc4 17.Qxc7 Rfc8 18.Qd7 Rd8 19.Qxc6 Qxc6 20.Bxc6 Nd4 21.Rxd4 Bxd4
22.a4 Bxb2 23.Bxb2 Rxb2 24.a5 Rc8 25.Be4 Rxe2 26.Bb7 Rb8 27.a6 Rb2 28.Be4 d5
29.Bxd5 Rb1+ 30.Rxb1 Rxb1+ 31.Kg2 Ra1 32.Bb7 Ra3 33.h4 Kg7 34.Kh3 f5 35.Kg2 Kf6
36.f4 g5 37.hxg5+ hxg5 38.fxg5+ Kxg5 39.Kh3 Ra5 40.Bc8 Ra2 41.Bb7 Ra3 42.Kg2 Kg4
43.Kf2 Ra2+ 44.Ke3 Kxg3 45.Kd4 f4 46.Kc5 f3 47.Bxf3 Kxf3 48.Kb6 Ke4 49.a7  1/2-1/2

[Event "Peer Gynt"]
[Site "Gausdal"]
[Date "1991.??.??"]
[Round "2"]
[White "Lauvsnes, Arild"]
[Black "Conquest, Stuart"]
[Result "1-0"]
[WhiteElo "2260"]
[BlackElo "2465"]

1.c4 e5 2.g3 d6 3.Bg2 g6 4.Nc3 Bg7 5.d3 Nd7 6.e4 Ne7 7.Nge2 h5 8.h3 c6 9.O-O O-O
10.Be3 f5 11.f4 exf4 12.Nxf4 Nf6 13.Qd2 Kh7 14.Rae1 Qc7 15.d4 Bd7 16.e5 dxe5
17.dxe5 Nfg8 18.Bc5 Rad8 19.Bd6 Qc8 20.c5 Be8 21.Qe2 Bh6 22.h4 Bf7 23.e6 Be8
24.Nh3 b6 25.b4 Bg7 26.Ng5+ Kh8 27.Qc4 Bf6 28.Nf7+ Kg7 29.Nxd8 Qxd8 30.Rd1 Qc8
31.Ne2 b5 32.Qb3 Nh6 33.Bf3 Rg8 34.Nf4 Kh8 35.Kf2 Ng4+ 36.Bxg4 fxg4 37.Kg2 Nf5
38.Nxh5 gxh5 39.Rxf5 Bg7 40.Qe3 Bg6  1-0

[Event "Peer Gynt"]
[Site "Gausdal"]
[Date "1991.??.??"]
[Round "4"]
[White "Lauvsnes, Arild"]
[Black "Dvoirys, Semen I"]
[Result "1/2-1/2"]
[WhiteElo "2260"]
[BlackElo "2525"]

1.c4 e5 2.g3 Nc6 3.Bg2 g6 4.Nc3 Bg7 5.d3 Nf6 6.e4 O-O 7.Nge2 d6 8.O-O Nh5
9.Be3 Nd4 10.Qd2 Bh3 11.Nxd4 Bxg2 12.Nc6 bxc6 13.Kxg2 f5 14.Bg5 Qd7 15.f3 Rf7
16.Rab1 Bh8 17.b4 a6 18.a4 Ng7 19.Be3 Ne6 20.Ne2 d5 21.cxd5 cxd5 22.Qa2 c6
23.Rbc1 Bg7 24.Qc2 f4 25.Bf2 fxg3 26.Bxg3 Rc8 27.exd5 Qxd5 28.Qc4 Nc7 29.Nc3 Qxc4
30.dxc4 Rd7 31.b5 cxb5 32.cxb5 Rb8 33.Rfd1 Rf7 34.Nd5 Nxd5 35.Rxd5 axb5 36.axb5 Rfb7
37.Rb1 Kf7 38.Bxe5 Ke6 39.Bxb8 Kxd5 40.Bg3 Bd4 41.Bf2 Bxf2 42.Kxf2 Kc5 43.Kg3 Rxb5
44.Rxb5+ Kxb5 45.Kf4 Kc4 46.Ke4 Kc5 47.Ke5 Kc4 48.h4 Kd3 49.f4 Ke3 50.f5 gxf5
51.Kxf5 h5  1/2-1/2

[Event "Arnold Cup"]
[Site "Gausdal"]
[Date "1991.??.??"]
[Round "5"]
[White "Stohl, Igor"]
[Black "Westerinen, Heikki MJ"]
[Result "1/2-1/2"]
[WhiteElo "2550"]
[BlackElo "2410"]

1.c4 e5 2.g3 f5 3.Nc3 Nf6 4.Bg2 Bb4 5.Qc2 Nc6 6.Nd5 Nd4 7.Qd1 Be7 8.e3 Ne6
9.Ne2 O-O 10.O-O d6 11.b4 c6 12.Nxe7+ Qxe7 13.d3 Bd7 14.f4 exf4 15.gxf4 d5
16.cxd5 Nxd5 17.a3 Rad8 18.e4 Nb6 19.Be3 fxe4 20.dxe4 Nc4 21.Qb3 Nxe3 22.Qxe3 a5
23.e5 Nc7 24.bxa5 Be6 25.Ng3 g6 26.Ne4 Nd5 27.Qg3 Ra8 28.Nd6 Kh8 29.Rab1 Rfb8
30.Qe1 Qc7 31.Bxd5 Bxd5 32.Rb6 Qd7 33.Qc3 Qg4+ 34.Qg3 Qxg3+ 35.hxg3 Rxa5
36.Ra1 Rba8 37.Rxb7 Rxa3 38.Rxa3 Rxa3 39.Rb8+ Kg7 40.Rb7+ Kf8 41.Kh2 h6 42.Rb2 Ke7
43.g4 Ke6 44.Re2 Rf3  1/2-1/2

[Event "GER CupT"]
[Site "GER"]
[Date "1991.??.??"]
[Round "?"]
[White "Gschnitzer, Oswald"]
[Black "Ruf, Matthias"]
[Result "1-0"]
[WhiteElo "2460"]
[BlackElo "2425"]

1.c4 e5 2.g3 Nf6 3.Bg2 c6 4.d4 exd4 5.Qxd4 d5 6.Nf3 Be7 7.cxd5 cxd5 8.O-O Nc6
9.Qa4 O-O 10.Rd1 Qb6 11.Nc3 Be6 12.Qb5 Nb4 13.Qxb6 axb6 14.Bd2 Nd7 15.a3 Nc6
16.Bg5 Nf6 17.Nd4 h6 18.Be3 Bc5 19.b4 Bxd4 20.Bxd4 Nxd4 21.Rxd4 Rfd8 22.Nb5 Rac8
23.Rad1 Rd7 24.R4d2 Kf8 25.f3 Ke7 26.Kf2 Rdd8 27.Nd4 Ne8 28.Nb5 Nf6 29.Rd3 Ne8
30.Nc3 Nf6 31.Na4 Nd7 32.f4 Ra8 33.Nc3 Nf6 34.Bf3 h5 35.Kg2 g6 36.Nxd5+ Nxd5
37.Bxd5 Bxd5+ 38.Rxd5 Rxd5 39.Rxd5 Rxa3 40.Rb5 Ra6 41.Kh3 f6 42.e4 Kd6 43.Rd5+ Ke7
44.e5 fxe5 45.Rxe5+ Kf6 46.Rd5 Ke6 47.Rb5 Kf7 48.Kh4 Kf6 49.Rd5 Ra2 50.Rd6+ Kf5
51.h3 Rc2 52.Rxb6 Rc7 53.Rb5+ Kf6 54.g4 hxg4 55.hxg4 Rh7+ 56.Kg3 Rd7 57.Rb6+ Kf7
58.Kh3 Kg7 59.Kh4 Kh7 60.Kg5 Rd5+ 61.Kf6 Rd7 62.Ke6 Rc7 63.Kf6 Kh6 64.f5 gxf5
65.gxf5 Kh5 66.Rd6 Rc4 67.b5 Rc5 68.b6 Kg4 69.Kg6 Kf4 70.f6 Ke5 71.Rd7 Rc6
72.Re7+ Kd6 73.Rxb7  1-0

[Event "BL2-S9091"]
[Site "Germany"]
[Date "1991.??.??"]
[Round "?"]
[White "Leitner, Maximilian"]
[Black "Seyffer, Bernd"]
[Result "1-0"]
[WhiteElo "2245"]
[BlackElo "2220"]

1.c4 e5 2.g3 Nf6 3.Bg2 c6 4.Nf3 e4 5.Nd4 d5 6.cxd5 cxd5 7.d3 Qb6 8.Nc2 Bf5
9.O-O Be7 10.Nc3 exd3 11.exd3 O-O 12.Ne3 Be6 13.Nexd5 Nxd5 14.Nxd5 Bxd5 15.Bxd5 Nc6
16.Bxc6 Qxc6 17.Be3 Rfd8 18.Qe2 Bf6 19.Rfd1 Rd7 20.Rac1 Qa6 21.b3 Rad8 22.Rc4 b6
23.d4 Qb7 24.Qg4 Rd5 25.Rdc1 R5d7 26.Rc6 Kf8 27.Rxf6 gxf6 28.Bh6+ Ke8 29.Qg8+ Ke7
30.Re1+ Kd6 31.Bf4+ Kc6 32.Qg4 b5 33.Qf5 Qb6 34.Qe4+ Rd5 35.Rc1+ Kb7 36.Bc7 Qxc7
37.Rxc7+ Kxc7 38.Qf4+ R8d6 39.Qc1+ Kb7 40.Qh6 Rxd4 41.Qxh7 Rd1+ 42.Kg2 Ra1
43.Qxf7+ Kb6 44.b4 Rb1 45.Qf8 Kc6 46.Qc8+  1-0

[Event "BL qual"]
[Site "Germany"]
[Date "1991.??.??"]
[Round "?"]
[White "Mandl, Robert"]
[Black "Zude, Arno"]
[Result "0-1"]
[WhiteElo "2350"]
[BlackElo "2385"]

1.c4 e5 2.g3 Nf6 3.Bg2 d5 4.cxd5 Nxd5 5.Nc3 Nb6 6.Nf3 Nc6 7.O-O Be7 8.d3 O-O
9.Be3 Be6 10.Qc1 h6 11.Rd1 Qc8 12.d4 exd4 13.Nxd4 Nxd4 14.Bxd4 Rd8 15.Ne4 Bd5
16.Qf4 Qe6 17.Qe5 Qxe5 18.Bxe5 c6 19.b3 Ba3 20.Rd2 f5 21.Nc3 Bxg2 22.Rxd8+ Rxd8
23.Kxg2 Re8 24.Bd4 Bb2 25.Rb1 Bxc3 26.Bxc3 Rxe2 27.a4 Nd5 28.Bd4 a6 29.Rd1 Kf7
30.Kf3 Re4 31.h3 h5 32.Bc5 g5 33.a5 Ke6 34.Rb1 Kf7 35.Rd1 Kg6 36.Rh1 Re8
37.Rb1 g4+ 38.hxg4 hxg4+ 39.Kg2 Re2 40.b4 Rc2 41.Re1 Rc4 42.Rb1 Nf6 43.Rd1 Ne4
44.Rd7 Nxc5 45.bxc5 Rb4 46.f4 Rb2+ 47.Kf1 Kf6 48.Rd6+ Ke7 49.Rh6 Rb5 50.Ke2 Kd7
51.Kd3 Rxc5 52.Rh7+ Kc8 53.Rh8+ Kc7 54.Rh7+ Kb8  0-1

[Event "BL2-S9091"]
[Site "Germany"]
[Date "1991.??.??"]
[Round "?"]
[White "Mandl, Robert"]
[Black "Hecht, Hans Joachim"]
[Result "1-0"]
[WhiteElo "2350"]
[BlackElo "2425"]

1.c4 e5 2.g3 Nf6 3.Bg2 c6 4.d4 Bb4+ 5.Bd2 Bxd2+ 6.Qxd2 d6 7.Nc3 O-O 8.e4 Nbd7
9.Nf3 a6 10.O-O Re8 11.h3 b5 12.cxb5 axb5 13.a3 Qb6 14.Rac1 b4 15.axb4 Qxb4
16.Nd5 Qxd2 17.Nxf6+ Nxf6 18.Nxd2 Ba6 19.Rfd1 Be2 20.Re1 Bb5 21.Nc4 Bxc4
22.Rxc4 Ra6 23.Rec1 Rc8 24.b4 Rb6 25.d5 c5 26.bxc5 dxc5 27.Rxc5 Rxc5 28.Rxc5 Ne8
29.f4 f6 30.Rc2 Nd6 31.Kf2 Kf8 32.Rc3 Rb2+ 33.Kf3 exf4 34.gxf4 Nxe4 35.Kxe4 Rxg2
36.Rc7 Rd2 37.Rd7 Rd1 38.h4 h5 39.Kf5 Ke8 40.Rxg7 Kf8 41.Rd7 Ke8 42.Rh7  1-0

[Event "BL2-S9091"]
[Site "Germany"]
[Date "1991.??.??"]
[Round "?"]
[White "Mandl, Robert"]
[Black "Ruf, Matthias"]
[Result "1-0"]
[WhiteElo "2350"]
[BlackElo "2425"]

1.c4 e5 2.g3 Nf6 3.Bg2 d5 4.cxd5 Nxd5 5.Nc3 Nb6 6.Nf3 Nc6 7.O-O Be7 8.d3 O-O
9.Be3 Re8 10.Na4 Bf8 11.Rc1 Nd4 12.Nc5 g6 13.Re1 h6 14.Bd2 Rb8 15.b4 Bg7
16.a4 Nd5 17.Nxd4 exd4 18.Qb3 Nf6 19.Qc4 Re7 20.h3 Ne8 21.b5 Kh7 22.Qb4 b6
23.Nb3 a5 24.Qa3 Be5 25.Rc2 Ng7 26.Qc1 Be6 27.Rb2 Nf5 28.Bf4 Bf6 29.g4 Nh4
30.Be4 Bg7 31.Bg3 Bf6 32.Nd2 Bd5 33.Rc2 Rc8 34.Bxd5 Qxd5 35.Ne4 Rxe4 36.dxe4 Qxe4
37.f3 Qe6  1-0

[Event "BL2-SW9091"]
[Site "Germany"]
[Date "1991.??.??"]
[Round "?"]
[White "Biehler, Thomas"]
[Black "Wirthensohn, Heinz"]
[Result "1-0"]
[WhiteElo "2235"]
[BlackElo "2460"]

1.c4 e5 2.g3 Nf6 3.Bg2 d5 4.cxd5 Nxd5 5.Nc3 Nb6 6.Nf3 Nc6 7.O-O Be7 8.d3 O-O
9.Be3 Re8 10.a3 Bf8 11.Rc1 Nd4 12.Ne4 c6 13.Nc5 Nxf3+ 14.Bxf3 Nd5 15.Bd2 a5
16.Qc2 Nc7 17.Be3 Nb5 18.Qa4 Nd6 19.b4 Bh3 20.Rfd1 axb4 21.Qxb4 b6 22.Ne4 c5
23.Qb2 Nf5 24.Nc3 Nxe3 25.fxe3 Rb8 26.a4 g6 27.Nd5 Be6 28.e4 Bg7 29.Qb3 h5
30.Rb1 h4 31.Qb5 Bxd5 32.exd5 f5 33.e4 Qg5 34.Qb2 Rf8 35.Kg2 Qe3 36.Qe2 Qd4
37.gxh4 Qxa4 38.Kh1 Qe8 39.Rg1 Qf7 40.Rg3 fxe4 41.Bxe4 Qf2 42.Qg4 Qf6 43.Rbg1 Kh8
44.Qh3 Rf7 45.h5 g5 46.Rxg5 Qd8 47.Qe6 Qf6 48.Rg6 Qxe6 49.dxe6 Re7 50.h6  1-0

[Event "Bundesliga 9091"]
[Site "Germany"]
[Date "1991.??.??"]
[Round "?"]
[White "Zuse, Klaus Peter"]
[Black "Franke, Heribert"]
[Result "1/2-1/2"]
[WhiteElo "2230"]
[BlackElo "2390"]

1.g3 e5 2.c4 Nf6 3.Bg2 c6 4.d4 Bb4+ 5.Bd2 Bxd2+ 6.Qxd2 d6 7.dxe5 dxe5 8.Qg5 Qa5+
9.Nd2 O-O 10.Nf3 Nbd7 11.O-O h6 12.Nb3 Qb4 13.Qc1 a5 14.Ne1 a4 15.Nd2 Nc5
16.Nc2 Qb6 17.Ne3 Ne6 18.Re1 Ra5 19.Qc3 Nd4 20.Rac1 Be6 21.Nc2 Bg4 22.Nf3 Bxf3
23.Bxf3 Rd8 24.Bg2 Raa8 25.e3 Nxc2 26.Rxc2 Qc5 27.b4 axb3 28.Qxb3 Ra7 29.h4 e4
30.Qb1 Rd3 31.Rb2 Qxc4 32.Bf1 b5 33.Bxd3 exd3 34.Rd1 Rd7 35.Rbd2 Ne4 36.Rxd3 Nc3
37.Qc2 Rd5 38.e4 Rd4 39.Kh2 Nxd1 40.Qxc4 Rxc4 41.Rxd1 Rxe4 42.Rd8+ Kh7 43.Rc8 Re6
44.h5 g6 45.Rc7 Kg8 46.hxg6 fxg6 47.f4 Kf8 48.g4 Ke8 49.Kg3 Kd8 50.Rg7 c5
51.f5 gxf5 52.gxf5 Rc6 53.Rb7 b4 54.Kf4 Rc7 55.Rb6 c4  1/2-1/2

[Event "BL2-W9091"]
[Site "Germany"]
[Date "1991.??.??"]
[Round "?"]
[White "Eising, Johannes"]
[Black "Ruthenberg, Helmut"]
[Result "1-0"]
[WhiteElo "2315"]
[BlackElo "2300"]

1.c4 e5 2.g3 d6 3.Nc3 Nc6 4.Bg2 Be6 5.d3 Qd7 6.Bd2 g6 7.Qa4 Bg7 8.Nd5 h6
9.e3 f5 10.Ne2 Nge7 11.Nec3 O-O 12.O-O Nc8 13.b4 Nb6 14.Qb3 Nd8 15.b5 Rb8
16.a4 c6 17.Nb4 c5 18.Nbd5 Bxd5 19.Nxd5 Nxd5 20.Bxd5+ Kh7 21.Rae1 Ne6 22.f4 Rbe8
23.a5 Re7 24.a6 b6 25.Qd1 Nc7 26.Bc6 Qd8 27.Qf3 Ne6 28.Kh1 Bf6 29.Qg2 Qc7
30.Qh3 exf4 31.gxf4 Rg7 32.Rf3 Rfg8 33.Qxh6+  1-0

[Event "Hamburg-ch"]
[Site "Hamburg"]
[Date "1991.??.??"]
[Round "3"]
[White "Kunsztowicz, Uwe"]
[Black "Stelting, Thorsten"]
[Result "1/2-1/2"]
[WhiteElo "2340"]
[BlackElo "2245"]

1.g3 e5 2.c4 Nc6 3.Bg2 d6 4.Nc3 g6 5.Rb1 a5 6.a3 Bg7 7.e3 f5 8.d3 Nf6 9.Nge2 O-O
10.b4 axb4 11.axb4 Ne7 12.Qb3 h6 13.f4 Kh7 14.O-O g5 15.e4 gxf4 16.gxf4 fxe4
17.Nxe4 Nf5 18.Nxf6+ Bxf6 19.fxe5 Bxe5 20.d4 Bg7 21.Bf4  1/2-1/2

[Event "Hamburg-ch"]
[Site "Hamburg"]
[Date "1991.??.??"]
[Round "5"]
[White "Kunsztowicz, Uwe"]
[Black "Putzbach, Gerd"]
[Result "0-1"]
[WhiteElo "2340"]
[BlackElo "2310"]

1.c4 e5 2.g3 Nf6 3.Bg2 d5 4.cxd5 Nxd5 5.Nc3 Ne7 6.Nf3 Nbc6 7.b4 a6 8.O-O g6
9.Bb2 Bg7 10.a3 O-O 11.Rc1 h6 12.d3 Be6 13.Qc2 Qd7 14.Na4 b6 15.Nd2 Bd5 16.Bxd5 Qxd5
17.Nc4 Rad8 18.Rfd1 f5 19.e4 Qf7 20.Ne3 Rd6 21.Qc4 Re6 22.Qc2 Rd8 23.Qb3 Red6
24.Qxf7+ Kxf7 25.Nd5 R8d7 26.Kf1 Nxd5 27.exd5 Ne7 28.Rc2 Nxd5 29.Re1 Ne7
30.Bxe5 Bxe5 31.Rxe5 Rxd3 32.Nc3 Nc6 33.Re3 Rxe3 34.fxe3 Ne5 35.Ke2 Ke6 36.a4 Nd3
37.Na2 c5 38.bxc5 bxc5 39.Rc3 Nb4 40.Nc1 Kd5 41.Nb3 c4 42.Nd2 Rc7 43.Nb1 Nd3
44.Rc2 Rb7 45.Nc3+ Kc5 46.a5 Rb3 47.Kd2 Ra3 48.e4 Rxa5 49.exf5 gxf5 50.h3 Nf2
51.Kc1 Ne4 52.Nd1 Ra1+  0-1

[Event "Hamburg-ch"]
[Site "Hamburg"]
[Date "1991.??.??"]
[Round "6"]
[White "Stanke, Juergen"]
[Black "Fette, Martin"]
[Result "1/2-1/2"]
[WhiteElo "2215"]
[BlackElo "2375"]

1.c4 e5 2.g3 Nf6 3.Bg2 d5 4.cxd5 Nxd5 5.Nc3 Nb6 6.Nf3 Nc6 7.O-O Be7 8.d3 O-O
9.Be3 f5 10.Qc1 Bf6 11.Bc5 Re8 12.Rd1 Nd4 13.e3 Nxf3+ 14.Bxf3 c6 15.e4 Be6  1/2-1/2

[Event "Hamburg HSK"]
[Site "Hamburg"]
[Date "1991.??.??"]
[Round "9"]
[White "Chuchelov, Vladimir"]
[Black "Putzbach, Gerd"]
[Result "1-0"]
[WhiteElo "2435"]
[BlackElo "2345"]

1.c4 e5 2.g3 Nf6 3.Bg2 d5 4.cxd5 Nxd5 5.Nc3 Ne7 6.Nf3 Nbc6 7.b4 a6 8.Bb2 g6
9.a3 Bg7 10.d3 O-O 11.O-O h6 12.Rc1 Be6 13.Ne4 b6 14.Ned2 Qd7 15.Rc2 Bd5
16.Qa1 f6 17.e4 Be6 18.d4 exd4 19.Nxd4 Nxd4 20.Bxd4 Rad8 21.Nf3 Nc6 22.Bb2 Bb3
23.Rc3 Ba4 24.Re3 Qe6 25.h4 h5 26.e5 Nxe5 27.Nxe5 fxe5 28.Bxe5 Bxe5 29.Rxe5 Qf7
30.Qb2 Rfe8 31.Rfe1 Rxe5 32.Rxe5 Rd6 33.Qe2 Bb5 34.Qe3 Rd7 35.Bh3 Rd1+ 36.Kh2 Bc6
37.Bg2 Bxg2 38.Re8+ Kh7 39.Re7 Bd5 40.Rxf7+ Bxf7 41.Qe7 Kg8 42.Qxc7 Bd5 43.g4 hxg4
44.Qxb6 Kg7 45.Qxa6 Be4 46.Kg3 Bf5 47.b5 Rb1 48.Kf4 Rb2 49.Kg5 Re2 50.Qf6+  1-0

[Event "Hamburg-ch"]
[Site "Hamburg"]
[Date "1991.??.??"]
[Round "9"]
[White "Stanke, Juergen"]
[Black "Mordhorst, Henning"]
[Result "1/2-1/2"]
[WhiteElo "2215"]
[BlackElo "2285"]

1.c4 e5 2.g3 Nf6 3.Bg2 d5 4.cxd5 Nxd5 5.Nc3 Nb6 6.Nf3 Nc6 7.O-O Be7 8.d3 O-O
9.Be3 Be6 10.Qc1 Nd5 11.Nxd5 Bxd5 12.Re1  1/2-1/2

[Event "HUN-chT"]
[Site "HUN"]
[Date "1991.??.??"]
[Round "?"]
[White "Bilek, Istvan"]
[Black "Kincs, Imre"]
[Result "1/2-1/2"]
[WhiteElo "2350"]
[BlackElo "2270"]

1.c4 e5 2.g3 Nc6 3.Bg2 Nf6 4.Nc3 Bc5 5.e3 d6 6.Nge2 Bg4 7.h3 Bh5 8.O-O O-O
9.b3 Qe7 10.d3 Rae8 11.Bb2 Nd7 12.Nd5 Qd8 13.g4 Bg6 14.e4 h5 15.a3 a5 16.Qd2 hxg4
17.hxg4 Nf6 18.Qg5 Re6 19.Bh3 Nxd5 20.Qxd8 Nxd8 21.cxd5 Re7 22.Rac1 f6 23.Kg2 Be8
24.Kg3  1/2-1/2

[Event "Katowice op"]
[Site "Katowice"]
[Date "1991.??.??"]
[Round "2"]
[White "Donchenko, Anatoly G"]
[Black "Arbakov, Valentin"]
[Result "1/2-1/2"]
[WhiteElo "2360"]
[BlackElo "2485"]

1.c4 e5 2.g3 Nc6 3.Bg2 g6 4.Nc3 Bg7 5.e3 f5 6.Nge2 Nf6 7.d4 d6 8.dxe5 dxe5
9.Bxc6+ bxc6 10.Qxd8+ Kxd8 11.b3 Ke7 12.Na4 Rd8 13.Bb2 Ne4 14.f3 Ng5 15.Rf1 Rd3
16.h4 Ne6 17.Kf2 Bb7 18.Rad1 Rad8 19.Rxd3 Rxd3 20.Bc3 c5 21.Nc1 Rd6 22.Ke2 Bc6
23.Rf2 e4 24.fxe4 Bxa4 25.Bxg7 Nxg7 26.bxa4 Ra6 27.exf5 Nxf5 28.g4 Nxh4 29.Nb3 Rxa4
30.Kd3 Ra6 31.Nxc5 Ra5 32.Kd4 h5 33.gxh5 Nf5+ 34.Kd5 Nxe3+ 35.Kc6 Nxc4 36.Re2+ Kf6
37.hxg6 Kxg6 38.Rc2 Ne3 39.Rc3 Nf5 40.a4 Ne7+ 41.Kd7 Nd5 42.Rc1 Kf5 43.Kc6 Nb6
44.Kxc7 Nxa4 45.Nxa4 Rxa4  1/2-1/2